000 00454nam a2200169Ia 4500
008 230917s9999||||xx |||||||||||||| ||und||
020 _cRS400
040 _e239799
_aMAIN
041 _aEnglish
082 _a891.2109 T738B
100 _aTripathi, Narander
245 0 _aBhartetivrittam
260 _aVaranasi
_bChaukhamba Surbharati Prakashan
_c2014
300 _a256 p.
500 _a2699 27/03/2017 HBD17/2551 27/03/2017 Sanskrit SAP
942 _cBK
999 _c22447
_d22447